|
|
|
|
| LEADER |
00789nam a22002412a 4500 |
| 001 |
000323955 |
| 003 |
CZ BrMZK |
| 005 |
20110509212958.0 |
| 007 |
ta |
| 008 |
980105s1934 xr f cze d |
| 015 |
|
|
|a cnb000794377
|
| 035 |
|
|
|a (OCoLC)85528014
|
| 040 |
|
|
|a ABA001
|b cze
|c ABA001
|d ABA001
|
| 100 |
1 |
|
|a Werner, Vilém,
|d 1892-1966
|7 jk01151613
|4 aut
|
| 245 |
1 |
0 |
|a Medvědí tanec :
|b komedie o 3 dějstvích /
|c Vilém Werner
|
| 260 |
|
|
|a V Praze :
|b Zemědělské knihkupectví A. Neubert,
|c 1934
|
| 300 |
|
|
|a 85, [1] s. ;
|c 8°
|
| 490 |
1 |
|
|a Nová scéna ;
|v čís. 5
|
| 830 |
|
0 |
|a Nová scéna (A. Neubert)
|0 s
|
| 910 |
|
|
|a BOA001
|b 1-0146.457,5
|
| 990 |
|
|
|a BK
|
| 991 |
|
|
|b 201105
|
| 996 |
7 |
|
|b 2619841029
|c 1-0146.457,5
|l MZK
|r Sklad / do 1 hodiny
|n 2
|w 000323955
|u 000010
|a 1
|e BOA001
|j MZK50
|s A
|